Learning How to Fly (Record no. 369643)

MARC details
000 -LEADER
fixed length control field 00490nam a2200181 4500
005 - DATE AND TIME OF LATEST TRANSACTION
control field 20251230164828.0
008 - FIXED-LENGTH DATA ELEMENTS--GENERAL INFORMATION
fixed length control field 251230b |||||||| |||| 00| 0 eng d
020 ## - INTERNATIONAL STANDARD BOOK NUMBER
International Standard Book Number 978-81-291-4215-3
041 ## - LANGUAGE CODE
Language code of text/sound track or separate title English
082 ## - DEWEY DECIMAL CLASSIFICATION NUMBER
Classification number X 920 KAL
Item number B12106
100 ## - MAIN ENTRY--PERSONAL NAME
Author Kalam A P J Abdul
245 ## - TITLE STATEMENT
Title Learning How to Fly
Remainder of title Life Lessons for the Youth
250 ## - EDITION STATEMENT
Edition statement 1st
260 ## - PUBLICATION, DISTRIBUTION, ETC.
Place of publication, distribution, etc. New Delhi
Name of publisher, distributor, etc. Rupa publication
Date of publication, distribution, etc. 2016
300 ## - PHYSICAL DESCRIPTION
Extent viii,163p
Other physical details pb
365 ## - TRADE PRICE
Price type code Rupaye
Price amount 197
Currency code INR
942 ## - ADDED ENTRY ELEMENTS (KOHA)
Koha item type Books
Holdings
Withdrawn status Lost status Source of classification or shelving scheme Damaged status Not for loan Collection code Home library Current library Date acquired Vendor Net Price Bill number Total Checkouts Full call number Barcode Date last seen Date last checked out Discount Actual Price Bill Date Koha item type Original Barcode
    Dewey Decimal Classification     Non-fiction Smt. Bakul Tambat Institute of Nursing Education Smt. Bakul Tambat Institute of Nursing Education 30/12/2025 Amazon(online) 405-5670770-9363504 187.15 CJB1-3055486 1 X 920 KAL B12106 BTIN-BK-12106 02/02/2026 28/01/2026 9.85 197.00 16/10/2025 Books BTIN-BK-12106